Construyendo relaciones y fortalezas familiares Un panorama internacional

Detalles Bibliográficos
Formato: eBook
Lenguaje:español
Publicado: Ciudad de Mx̌ico: Cm̀ara de diputados, 2010
Materias:
Acceso en línea:Acceso restringido

MARC

LEADER 00000nam a22000007a 4500
005 20171031191630.0
007 cr|||| ||||
008 171031s2010 mx |||||s|||| 00||0 spa d
020 |a 978-607-401-186-9 
035 |a 20794 
040 |a vLex 
090 |c 7184  |d 7184 
245 0 0 |a Construyendo relaciones y fortalezas familiares  |h [Recurso electrn̤ico] :  |b Un panorama internacional 
256 |a Servicio en ln̕ea 
260 |a Ciudad de Mx̌ico:  |b Cm̀ara de diputados,  |c 2010 
300 |a 1 recurso en ln̕ea (312p.) 
506 1 |a Disponible solo en los productos indicados  |d vLex Global  |d vLex Global (Academic Edition, excluding Law Schools)  |d vLex Global (U.S. Academic Edition, Law Schools)  |d vLex Global (U.S. Academic Edition, excluding Law Schools)  |d vLex Global (Academic Edition, Law Schools) 
650 0 4 |a Ciencias sociales  |z Mx̌ico 
740 0 |a vLex Libros (Servicio en ln̕ea) 
856 4 0 |u http://vlex.com/source/construyendo-relaciones-fortalezas-familiares-panorama-internacional-20794/  |z Acceso restringido 
942 |c BOOK 
999 0 |a Social science